000 00574nam a2200229Ia 4500
003 OSt
005 20221005130454.0
006 a|||||r|||| 00| 0
007 ta
008 221004b |||||||| |||| 00| 0 eng d
024 _a67337
037 _cTextual
040 _aCRL
_cCRL
_beng
041 _2eng
_aeng
082 _aV41:7, H3
100 _aAndersson J. G.
_9638197
245 0 _aResearches into the prehistory of the Chinese
260 _c1943
650 _aHISTORY
942 _hV41:7, H3
_cTEXL
_2cc
999 _c1057364
_d1057364